00357nam a2200121Ia 4500003000400000008004100004040001600045082001500061245008200076260006100158300001100219490000500230GCL140319s9999 xx 000 0 ara d aGCL / cGCL04a502bت ت10aتاريخ العلوم العام : العالم القديم والوسيط a[S.N] : bدار الراتب الجامعية ، c1988 a709 ص a